Virginia Basketball: Top 10 All-Time Leaders - Statistics

General Stats
  • This quiz has been taken 31 times
    9 since last reset
  • The average score is 42 of 92
Answer Stats
Category # Player Amount % Correct
Blocks 9 Jason Clark 112
100%
Three Pointers Made 2 Joe Harris 263
100%
Games 5 Joe Harris 135
100%
Assists 1 Kihei Clark 718
100%
Games 1 Kihei Clark 161
100%
Three Pointers Made 3 Kyle Guy 254
100%
Points 9 Malcolm Brogdon 1,809
100%
Three Pointers Made 9 Malcolm Brogdon 185
100%
Games 4 Malcolm Brogdon 136
100%
Points 4 Ralph Sampson 2,225
100%
Rebounds 1 Ralph Sampson 1,511
100%
Blocks 1 Ralph Sampson 462
100%
Field Goal Percent 3 Ralph Sampson 56.8%
100%
Games T10 Ralph Sampson 132
100%
Assists 6 London Perrantes 569
88%
Three Pointers Made 7 London Perrantes 211
88%
Games T2 London Perrantes 138
88%
Blocks 3 Mamadi Diakite 156
88%
Games T6 Mamadi Diakite 134
88%
Assists 3 Reece Beekman 636
88%
Steals 1 Reece Beekman 228
88%
Points 5 Sean Singletary 2,079
88%
Assists 5 Sean Singletary 587
88%
Steals 3 Sean Singletary 200
88%
Three Pointers Made 5 Sean Singletary 222
88%
Blocks 2 Jay Huff 166
75%
Blocks 7 Kris Hunter 126
75%
Steals 10 Adam Hall 157
63%
Field Goal Percent 1 Anthony Gill 58.2%
63%
Points 2 Jeff Lamp 2,317
63%
Points Per Game 5 Jeff Lamp 18.8
63%
Rebounds 3 Mike Scott 944
63%
Field Goal Percent 4 Mike Scott 52.1%
63%
Blocks 10 Ryan Dunn 110
63%
Blocks 5 Isaiah Wilkins 141
50%
Games T10 Isaiah Wilkins 132
50%
Games T2 Mike Tobey 138
50%
Rebounds 7 Akil Mitchell 798
38%
Games 9 Akil Mitchell 133
38%
Points 8 Chris Williams 1,812
38%
Rebounds 9 Chris Williams 786
38%
Steals T4 Chris Williams 189
38%
Field Goal Percent 8 Chris Williams 51.0%
38%
Three Pointers Made 1 Curtis Staples 413
38%
Assists 7 Donald Hand 529
38%
Steals T6 Donald Hand 179
38%
Three Pointers Made 6 J.R. Reynolds 221
38%
Rebounds 2 Travis Watson 1,115
38%
Blocks 6 Travis Watson 130
38%
Field Goal Percent 5 Travis Watson 51.9%
38%
Points Per Game 6 Barry Parkhill 18.4
25%
Points 1 Bryant Stith 2,516
25%
Rebounds 5 Bryant Stith 859
25%
Steals 8 Bryant Stith 177
25%
Points Per Game 4 Bryant Stith 19.2
25%
Points 3 Buzzy Wilkinson 2,233
25%
Points Per Game 1 Buzzy Wilkinson 28.6
25%
Blocks 4 Chris Alexander 148
25%
Assists 4 Jeff Jones 598
25%
Steals T4 Jeff Jones 189
25%
Assists 2 John Crotty 683
25%
Three Pointers Made 10 John Crotty 179
25%
Rebounds 10 Norman Nolan 765
25%
Field Goal Percent 2 Olden Polynice 57.8%
25%
Assists 8 Othell Wilson 493
25%
Steals 2 Othell Wilson 222
25%
Field Goal Percent 7 Othell Wilson 51.1%
25%
Three Pointers Made 8 Sammy Zeglinski 200
25%
Points 7 Wally Walker 1,849
25%
Field Goal Percent 6 Wally Walker 51.8%
25%
Points Per Game 8 Wally Walker 17.8
25%
Games T6 Evan Nolte 134
13%
Points Per Game 7 Gus Gerard 17.9
13%
Points 10 Harold Deane 1,763
13%
Assists 9 Harold Deane 468
13%
Steals T6 Harold Deane 179
13%
Three Pointers Made 4 Harold Deane 237
13%
Points Per Game 2 Bob McCarty 19.6
0%
Points Per Game 10 Chip Conner 17.0
0%
Points Per Game 3 Jim Connelly 19.5
0%
Games T10 Jim Miller 132
0%
Assists 10 Jontel Evans 419
0%
Points 6 Junior Burrough 1,970
0%
Rebounds 4 Junior Burrough 929
0%
Blocks 8 Kadin Shedrick 114
0%
Field Goal Percent 9 Lee Raker 50.3%
0%
Field Goal Percent 10 Mel Kennedy 49.3%
0%
Steals 9 Richard Morgan 160
0%
Games T6 Ricky Stokes 134
0%
Rebounds 6 Steve Castellan 799
0%
Rebounds 8 Ted Jeffries 787
0%
Points Per Game 9 Tony Laquintano 17.3
0%
No matching quizzes found
Score Distribution
Percent of People with Each Score
Percentile by Number Answered
Your Score History
You have not taken this quiz since the last reset